| 000 | 00759 a2200241 4500 | ||
|---|---|---|---|
| 001 | 160649 | ||
| 999 |
_c160649 _d26847 |
||
| 003 | TR-AnTOB | ||
| 005 | 20231221104806.0 | ||
| 008 | 090512s1995 tu 10000 tur | ||
| 040 | _aTR-AnTOB | ||
| 041 | _atur | ||
| 050 | 0 |
_aAS21.A3 _bK337 1995 TOBBK |
|
| 090 | _aAS21.A3 K337 1995 TOBBK | ||
| 245 | 0 | _aKahramanmaraş Sütçü İmam Üniversitesi Rektörlüğü tarafından düzenlenen panel-konferans ve sempozyumlar. | |
| 264 | 1 |
_aKahramanmaraş: _bT.C.K.S.Ü. Rektörlüğü, _c1995 |
|
| 300 |
_a70 s. _bgrf. |
||
| 650 |
_aKongre ve konferanslar _zTürkiye _zKahramanmaraş _967416 |
||
| 710 | 2 |
_aKahramanmaraş Sütçü İmam Üniversitesi _977412 |
|
| 902 | _aT000942 (001952) | ||
| 903 | _aTobb Koleksiyonu | ||
| 945 | _aZŞ | ||
| 942 | _cBK | ||